000 00214 a2200097 4500
001 10887
100 _aRussell, B.
245 _aNew Hopes for a changing world
260 _a
_bGeorge Allen
_c
090 _c8460
_d8460
942 _aNUST-CAE
_cM
_c35223
999 _c245960
_d245960